| 000 | 00846nam a22002177a 4500 | ||
|---|---|---|---|
| 005 | 20170829142256.0 | ||
| 010 | _aB-498183-200 | ||
| 020 |
_c465.00 _a8178121131 |
||
| 020 |
_c465.00 _a9788178121130 |
||
| 035 | _aB-498183-200 | ||
| 037 | _bUBH/Ven | ||
| 082 | 1 | 4 | _a880 |
| 100 | 1 | _aBhatia, H. S. | |
| 245 | 1 |
_aR. Gupta's popular master guide U.G.C/Net. Exam English Literature Paper II and III / _cby H. S. Bhatia |
|
| 260 |
_aNew Delhi _bRamesh Publishing House _c2013 |
||
| 270 |
_a12-H, New Darya Ganj Road, Opp. Traffic Kotwali _bNew Delhi _cDelhi : _e110002 _k23261647 _l23275124 _minfo@rameshpublishinghouse.com |
||
| 300 |
_aviii, 672p. _c23cm (pbk) |
||
| 650 | _aEnglish literature | ||
| 942 |
_adpl _cEN _2ddc _h880 _mBHA |
||
| 999 |
_c75112 _d75112 |
||